000 00980nam a2200289Ia 4500
001 A6082
003 IT-RoPAU
008 130308s9999 xx 000 0 und d
040 _aIT-RoPAU
040 _cIT-RoPAU
041 _aITALIANO
100 _aBarbieri Daniele
100 _gCodice Aut. SPICS: 19979
245 _aAutore modello e racconto seriale
245 _bSemiotica: storia Teoria Interpretazione-Saggi intorno a Umberto Eco
250 _a1a ed.
260 _aMILANO
260 _bBompiani
260 _c1992 [1° Ed.:1992 - Ed.Ling.Originale:1992]
300 _a"13 p. (prefazione: no ; testo: 13 [pagine: 357-369])"
500 _aSerialità a Fumetti. Temporalità, Serialità e Coerenza. Autore Modello e Assenza di Coerenza. Narrazione Non Verbale e Coerenza: Problema dei Tempi Verbali. testo fuori Dai Limiti dell'Autore Modello.
650 _aSEMIOLOGIA
650 _eCodice materia Spics: 3251
942 _cBK
957 _71
999 _c78140
_d78140
999 _g1